| 000 | nam a22 7a 4500 | ||
|---|---|---|---|
| 999 |
_c126963 _d126963 |
||
| 008 | 170919b xxu||||| |||| 00| 0 eng d | ||
| 050 | _aPR9360.M992 | ||
| 100 |
_aRobertson, Heather [et al] _935764 |
||
| 245 |
_aUtterings in the garden _c/ Heather Robertson et al |
||
| 260 |
_aAthlore, South Africa _bCOSAW |
||
| 300 |
_a84p. ; _c24cm. |
||
| 650 |
_aPoetry, South Africa _xCollection _935197 |
||
| 700 |
_aJohnstone, Abduragheim [et al] _eeds. _935765 |
||
| 942 |
_2lcc _cMONOGRAPH |
||